| 000 | 00920nam a2200229Ii 4500 | ||
|---|---|---|---|
| 003 | JO-AjNU | ||
| 008 | 230605s9999||||xx |||||||||||||| ||und|| | ||
| 017 | _a2020/9/3723 | ||
| 020 | _a978-9923-15-065-8 | ||
| 040 |
_aJO-AjNU _bara _erda _cJO-AjNU |
||
| 041 | _aara | ||
| 050 | 1 | 4 | _aK564.2021 |
| 100 | 3 |
_aالعتوم، محمد شبلي الشلبي, _eauthor _962823 |
|
| 245 | 0 | 0 | _aجرائم تكنولوجيا المعلومات: النظرية العامة للجرائم الالكترونية |
| 250 | _aط1 | ||
| 264 | 3 | 1 | _aعمان: دار الثقافة للنشر والتوزيع، 2021 |
| 300 | _a247ص | ||
| 336 |
_atext _btxt _2rdacontent |
||
| 337 |
_aunmediated _bn _2rdamedia |
||
| 338 |
_avolume _bnc _2rdacarrier |
||
| 650 | 4 |
_aالجرائم الالكترونية-تكنولوجيا المعلومات-العقوبات-علم الجريمة-القانون الجنائي-الاردن _962824 |
|
| 999 |
_aA28466 _c32034 _d32034 |
||